Statistics for Top 20 Countries with Most Tourists (with a map)

Click here to take the quiz!

General Stats

  • This quiz has been taken 2,544 times
  • The average score is 18 of 20

Answers on the Map

Answers color-coded by a green-red scale on the quiz's map according to % correct below.
 

Answer Stats

# ArrivalsCountry% Correct
74.8 milUnited States
100%
55.6 milChina
99%
83.7 milFrance
99%
65.0 milSpain
99%
32.6 milUnited Kingdom
99%
48.6 milItaly
98%
16.5 milCanada
97%
33.0 milGermany
97%
13.4 milJapan
97%
29.1 milMexico
97%
29.8 milRussia
96%
39.8 milTurkey
91%
22.0 milGreece
89%
24.7 milThailand
84%
16.0 milPoland
80%
14.2 milSouth Korea
79%
13.9 milNetherlands
76%
25.2 milAustria
72%
15.1 milSaudi Arabia
65%
27.4 milMalaysia
58%

Score Distribution

Percentile by Number Answered

Percent of People with Each Score

Your Score History

You have not taken this quiz